History Quiz

Random History or Country Quiz

Countries by 1990 Leaders Quiz Stats

 Plays Quiz Updated Feb 28, 2019

Score 0/60 Timer 10:00
0 Plays Today
Leader Country % Correct
Deng XiaopingChina
94%
Mikhail GorbachevSoviet Union
92.9%
George BushUnited States
92.6%
Francois MitterrandFrance
89.2%
Kim Il-sungNorth Korea
86.5%
Saddam HusseinIraq
84.6%
Margaret ThatcherUnited Kingdom
83.1%
Fidel CastroCuba
80.5%
Ali KhameneiIran
78.9%
Augusto PinochetChile
72.3%
Muammar al GaddafiLibya
71.1%
Wojciech JaruzelskiPoland
67.5%
Robert MugabeZimbabwe
63.1%
Vishwanath Pratap SinghIndia
62.2%
Benazir BhuttoPakistan
60.1%
Ingvar CarlssonSweden
59.4%
Helmut KohlWest Germany
58.6%
Giulio AndreottiItaly
58.2%
Hosni MubarakEgypt
57.6%
Nguyen Van LinhVietnam
55.6%
Yitzhak ShamirIsrael
54.6%
Brian MulroneyCanada
54.5%
Frederik Willem de KlerkSouth Africa
53.2%
Ion IliescuRomania
51.9%
Bob HawkeAustralia
51.7%
Kaifu ToshikiJapan
50.8%
Fahd bin Abdul AzizSaudi Arabia
49%
Roh Tae-wooSouth Korea
46.7%
Hussein IJordan
45.9%
SuhartoIndonesia
43.1%
Leader Country % Correct
Corazon AquinoPhilippines
42.4%
Daniel OrtegaNicaragua
41.5%
Hafez al AssadSyria
40.2%
Vaclav HavelCzechoslovakia
38.9%
Felipe Gonzalez MarquezSpain
36.8%
Carlos SalinasMexico
35.7%
Mengistu Haile MariamEthiopia
33.5%
Hassan IIMorocco
29.1%
Manfred GerlachEast Germany
27.6%
Carlos Saul MenemArgentina
26.4%
Mohammad NajibullahAfghanistan
25.5%
Anibal Cavaco SilvaPortugal
24.1%
Joseph MobutuZaire
23.3%
Alan Garcia PerezPeru
23.1%
Lee Kuan YewSingapore
22.3%
Jose SarneyBrazil
20.9%
Poul Schl├╝terDenmark
18.9%
Jaime Paz ZamoraBolivia
18.4%
Yildirim AkbulutTurkey
17.3%
Petar MladenovBulgaria
17.2%
Rene PrevalHaiti
16.9%
Samuel DoeLiberia
14.6%
Jose Eduardo dos SantosAngola
12.4%
Siad BarreSomalia
12.2%
Birendra Bir Bikram ShahNepal
12%
Joaquin BalaguerDominican Republic
9.1%
Hussain Muhammad ErshadBangladesh
8.5%
Felix Houphouet-BoignyCote d'Ivoire
7.5%
Paul BiyaCameroon
7.3%
Ramiz AliaAlbania
6.5%

You're not logged in!

Compare scores with friends on all Sporcle quizzes.
OR
Log In

Sporcle TV

Today on Sporcle TV


Watch our educational content, quiz creation guides, and fun videos on Sporcle TV.

Show Comments

Extras

Top Quizzes Today


Score Distribution

Your Account Isn't Verified!

In order to create a playlist on Sporcle, you need to verify the email address you used during registration. Go to your Sporcle Settings to finish the process.

Report this User

Report this user for behavior that violates our Community Guidelines.

Details: